000 01524ncm0a22003971 4500
001 RU\NLR\ONIZ\220116
005 20250626085307.0
013 _a979-09003069-5-1
021 _aRU
_b14-286н
_914-19н
035 _aRU\NLR\ONIZ\lanatalya\5000005585\20171017201341
035 _a(NLR Aleph) 011535722
071 2 0 _aВ0083С
090 _a12168885
_c12168885
100 _a20150414d2014 |||y0rusy50 ca
101 0 _arus
102 _aRU
125 _azx
145 0 _au
200 1 _aСольфеджио
_bНоты
_e3 кл.
_eпятилет. курс обучения
_eучеб. пособие для учащихся ДМШ и ДШИ
_fА. А. Варламова, Л. В. Семченко
210 _aМосква
_cВладос
_d2014
215 _a126 с.
_cил.
_d29 см
225 1 _aБиблиотека ДМШ
606 1 _aСольфеджио. Гармония
_yРоссия
_z21 в.
_jНоты
_2nlr_sh
686 _aЩ907.11(2Р)
_vLBC/SL
_2rubbk
700 1 _9z01790
_aВарламова
_bА. А.
_f1954-
_gАлла Аркадьевна
_4220
701 1 _9z02790
_aСемченко
_bЛ. В.
_f1948-
_gЛариса Викторовна
_4220
790 1 _9z01700
_aVarlamova
_bA. A.
_gAlla Arkad'evna
_4220
790 1 _9z02701
_aSemchenko
_bL. V.
_gLarisa Viktorovna
_4220
801 0 _aRU
_bNLR
_c20150414
_gPSBO
801 1 _aRU
_bNLR
_c20150414
_2rusmarc
801 2 _aRU
_bNLR
_c20171025
852 _aNLR
_bМ
_j3/11786
_pМОЭ 2014-19н/286н
_t1
942 _cSCORE
980 _aNB
980 _aONIZ